00441 2200181 4500001002100000008004100021035002000062245002100082100001500103260003700118300002000155020002200175084001400197082000800211650001000219990001500229990001500244INLIS000000000003208 ind  a0010-1225000029 aHujancTere Liye aLiye, Tere aDepok :bPT Sabak Grip Nusantara a320c13,5x20 cm a978-623-9987-87-9 a813 LIY h a813 aFiksi a19652/B/26 a19653/B/26